| 000 | 00494nam a2200157 i 4500 | ||
|---|---|---|---|
| 001 | 21805 | ||
| 003 | ES-MaACL | ||
| 005 | 20230906152540.0 | ||
| 007 | t| | ||
| 008 | 021127s1946 sp ||||1| spa d | ||
| 100 | 1 |
_aAlmansa de Cara, Salvador. _920087 |
|
| 245 | 1 | 0 |
_aInfiltraciones pulmonares en la infancia / _cSalvador Almansa de Cara. |
| 260 |
_aBarcelona : _bSalvat, _c1946 ( _f[Hispano-Americana]) |
||
| 300 |
_a88 p., 10 lám. : _bil. ; _c23 cm. |
||
| 852 |
_aES-MaACL _j1856-F-11 _bR.22558 |
||
| 999 |
_c21805 _d21805 |
||